000 00602nam a2200181 i 4500
001 90698
003 ES-MaACL
005 20230906180533.0
007 t|
008 050124s1971 sp ||||1| spa d
100 1 _aLe Ny, Jean-François.
_970907
245 1 3 _aEl condicionamiento de la reacción condicional clásica a la reacción instrumental en el hombre /
_cJean-François Le Ny ; [traducción, Nuria Vidal].
250 _a[1ª ed.].
260 _a[Barcelona] :
_bPenínsula,
_c[1971]
300 _a200 p. ;
_c19 cm.
700 1 _aVidal, Nuria.
_9114451
852 _aES-MaACL
_jC-50165
_bR.78565
999 _c90698
_d90698